000
00296nam a22001337a 4500
008
190306b xxu||||| |||| 00| 0 eng d
020
_a
2740359893950
041
_a
eng
080
_2
2nd
_a
521
100
_a
42
101
_a
AST
245
_a
Understanding our Universe
_c
Palen
942
_2
udc
_c
BK
999
_c
54657
_d
54657